Governing Urban Development in the Low Countries: From Managerialism to Entrepreneurialism and Financialization
Analýza transformácie mestskej vlády v „nízkych“ krajinách prostredníctvom prípadových štúdií miest Apeldoorn (Holandsko) a Antverpy (Belgicko). Porovnanie financovania vlád. Modely rozvoja krajín. Podnikateľské postoje k mestskému (opätovnému) rozvoju. Komunálne nástroje na riadenie rozvoja miest.
Na minha lista:
| Autor principal: | |
|---|---|
| Outros Autores: | , |
| Formato: | Capítulo de Livro |
| Idioma: | inglês |
| Assuntos: | |
| Tags: |
Sem tags, seja o primeiro a adicionar uma tag!
|
MARC
| LEADER | 00000naa a2200000 4500 | ||
|---|---|---|---|
| 001 | 0258201 | ||
| 005 | 20221104111406.2 | ||
| 041 | 0 | |a eng | |
| 044 | |a GB | ||
| 245 | 1 | 0 | |a Governing Urban Development in the Low Countries: From Managerialism to Entrepreneurialism and Financialization |c Jannes Van Loon, Stijn Oosterlynck, Manuel B Aalbers |
| 520 | |a Analýza transformácie mestskej vlády v „nízkych“ krajinách prostredníctvom prípadových štúdií miest Apeldoorn (Holandsko) a Antverpy (Belgicko). Porovnanie financovania vlád. Modely rozvoja krajín. Podnikateľské postoje k mestskému (opätovnému) rozvoju. Komunálne nástroje na riadenie rozvoja miest. | ||
| 610 | 2 | 0 | |a transformácia |
| 610 | 2 | 0 | |a podnikanie |
| 610 | 2 | 0 | |a financovanie |
| 610 | 2 | 0 | |a správa miestna |
| 610 | 2 | 0 | |a Holandsko |
| 610 | 2 | 0 | |a Belgicko |
| 610 | 2 | 0 | |a porovnanie štatistické medzinárodné |
| 100 | 1 | |a Van Loon, Jannes | |
| 700 | 1 | |a Oosterlynck, Stijn | |
| 700 | 1 | |a B Aalbers, Manuel | |